[Event "ITA-ch sf 78th"]
[Site "Alessandria"]
[Date "2018.07.24"]
[Round "4"]
[White "Podetti, Davide"]
[Black "Di Benedetto, Desiree"]
[Result "0-1"]
[WhiteElo "2188"]
[BlackElo "2309"]
[PlyCount "60"]
[EventDate "2018.07.21"]
[EventType "swiss"]
[EventRounds "9"]
[EventCountry "ITA"]
[SourceTitle "CBM 186 Extra"]
[Source "ChessBase"]
[SourceDate "2018.08.24"]
[SourceVersion "1"]
[SourceVersionDate "2018.08.24"]
[SourceQuality "1"]

1. d4 e6 2. e4 d5 3. Nc3 Nf6 4. e5 Nfd7 5. f4 c5 6. Nf3 Nc6 7. Be3 Be7 8. Qd2 0-0 9. Bd3 cxd4 10. Nxd4 Bc5 11. Be2 Nxd4 12. Bxd4 a6 13. Bxc5 Nxc5 14. 0-0-0 b5 15. Bf3 Qc7 16. Qd4 Rb8 17. Kb1 b4 18. Ne2 a5 19. h4 a4 20. h5 Ba6 21. Ng3 b3 22. cxb3 axb3 23. a3 Nd3 24. Be2 Qc2+ 25. Ka1 Ra8 26. Bxd3 Bxd3 27. Qb4 Rfb8 28. Qe7 Rb7 29. Qd6 Rba7 30. Rc1 Rxa3+ 0-1

[Event "Forni di Sopra op 9th"]
[Site "Forni di Sopra"]
[Date "2018.06.16"]
[Round "9"]
[White "Garofalo, Simone"]
[Black "Di Benedetto, Desiree"]
[Result "0-1"]
[WhiteElo "2110"]
[BlackElo "2293"]
[PlyCount "82"]
[EventDate "2018.06.09"]
[EventType "swiss"]
[EventRounds "9"]
[EventCountry "ITA"]
[SourceTitle "CBM 184 Extra"]
[Source "ChessBase"]
[SourceDate "2018.06.28"]
[SourceVersion "1"]
[SourceVersionDate "2018.06.28"]
[SourceQuality "1"]

1. e4 e6 2. d4 d5 3. Nd2 c5 4. exd5 Qxd5 5. Ngf3 cxd4 6. Bc4 Qd7 7. 0-0 Nc6 8. Nb3 a6 9. Nbxd4 Nxd4 10. Nxd4 Qc7 11. Bb3 Bd6 12. h3 Ne7 13. Re1 0-0 14. Qe2 Ng6 15. Be3 b6 16. Rad1 Bb7 17. Qg4 Rfe8 18. c3 Ne5 19. Qe2 b5 20. Bc1 Ng6 21. Qg4 Bh2+ 22. Kh1 Bf4 23. Bc2 f5 24. Bxf4 Nxf4 25. Qg3 Bxg2+ 26. Kh2 e5 27. Nxf5 Bxh3 28. Nd6 Re7 29. Qh4 g6 30. Bb3+ Kg7 31. Ne4 Rf8 32. Ng5 h6 33. Nxh3 Nxh3 34. Qxh3 Rxf2+ 35. Kh1 Rxb2 36. Qg3 Qc6+ 37. Bd5 Qf6 38. Rg1 Rf2 39. Be4 g5 40. Rg2 Rf4 41. Re2 Rf1+ 0-1